MARC

LEADER 00000nam0a2200000 4500
001 95638
005 20231031110229.0
035 |a (RuTPU)RU\TPU\book\102401 
090 |a 95638 
100 |a 20060502d1964 km y0rusy50 ca 
101 0 |a rus 
102 |a RU 
105 |a a z 001zy 
200 1 |a Теория и применение автоматических систем  |e [сборник статей]  |f Академия Наук СССР; Институт автоматики и телемеханики (технической кибернетике); отв. ред. Я. З. Цыпкин 
210 |a Москва  |c Наука  |d 1964 
215 |a 343 с.  |c ил. 
320 |a Библиография в конце статей 
610 1 |a автоматика 
610 1 |a автоматические системы 
610 1 |a теория 
610 1 |a применение 
610 1 |a применение 
610 1 |a статистические методы 
610 1 |a теория надежности 
610 1 |a нелинейные системы 
610 1 |a системы с переменными параметрами 
610 1 |a конечные автоматы 
610 1 |a оптимальные системы 
610 1 |a человек-машина 
610 1 |a автоматический контроль 
675 |a 621.012  |v 3 
702 1 |a Цыпкин  |b Я. З.  |g Яков Залманович  |4 340 
712 0 2 |a Академия наук СССР (АН СССР)  |b Институт автоматики и телемеханики (технической кибернетики) (ИАТ)  |c (Москва)  |c (1939-1969)  |2 stltpush  |3 (RuTPU)RU\TPU\col\5481 
801 1 |a RU  |b 63413507  |c 20060502  |g PSBO 
801 2 |a RU  |b 63413507  |c 20220201  |g PSBO 
942 |c BK